| 000 | 00645nam a2200205Ia 4500 | ||
|---|---|---|---|
| 008 | 260428s9999 xx 000 0 und d | ||
| 020 | _a9789561421592 | ||
| 082 | _a332.10688 H411g 2017 | ||
| 100 |
_aHax, Arnoldo _94240 |
||
| 100 |
_aOlavarría, Lionel _935816 |
||
| 245 | 0 | _aGestión estratégica en el sector financiero: el modelo delta en el BCI | |
| 260 | _aEdiciones Universidad Católica de Chile | ||
| 260 | _bSantiago, Chile | ||
| 260 | _c2017 | ||
| 300 | _a144p. | ||
| 650 |
_aBanco de Crédito e Inversiones (Chile) _935817 |
||
| 650 |
_aBancos Chile _935686 |
||
| 650 |
_aComercialización bancaria _935818 |
||
| 942 | _clibro | ||
| 999 |
_c20489 _d20489 |
||